Essays on the philosophy of music
Saved in:
| Main Author: | |
|---|---|
| Format: | Book |
| Language: | English |
| Published: |
London :
Cambridge University Press,
1974
|
| Subjects: | |
| Tags: |
Add Tag
No Tags, Be the first to tag this record!
|
MARC
| LEADER | 00000nam a2200000 i 4500 | ||
|---|---|---|---|
| 001 | 1/75290 | ||
| 008 | 960729s1974 eng d | ||
| 020 | |a 0-521-31213-2 | ||
| 035 | |a 1988 |c Αγορά |l 10032086 | ||
| 040 | |a GR-MY-UA |b gre |e aacr | ||
| 041 | 0 | |a eng | |
| 082 | 0 | |a 780.1 | |
| 100 | 1 | |a Bloch, Ernst |d 1885-1977. | |
| 245 | 1 | 0 | |a Essays on the philosophy of music / |c Ernst Bloch |
| 260 | |a London : |b Cambridge University Press, |c 1974 | ||
| 300 | |a 250 p. | ||
| 650 | 0 | 0 | |a Music |x Philosophy and aesthetics. |
| 852 | |a INST |b RHODES |e 19960729 |h 780.1 BLO |p 005400000670 |q 005400000670 |t BK |y 0 | ||
| 909 | |a Ρ |b 010193 |c 1988 | ||